[Event "FICGS class D 000288 email"]
[Site "FICGS email"]
[Date "2022.09.24"]
[Round "1"]
[White "Peedikakkandy, Sameer"]
[Black "Kehayov, Yulian"]
[Result "0-1"]
[WhiteElo "1621"]
[BlackElo "1716"]
[PlyCount "22"]
[EventDate "2022.??.??"]
[EventType "tourn (corr)"]
[EventRounds "6"]
[SourceTitle "Corr 2024"]
[Source "ChessBase"]
[SourceDate "2023.10.19"]
[SourceVersion "1"]
[SourceVersionDate "2023.10.19"]
[SourceQuality "1"]

1. Nf3 d5 2. d4 Nf6 3. Nc3 c5 4. Bf4 Nc6 5. e3 Bg4 6. a3 Bxf3 7. Qxf3 cxd4 8. Bb5 dxc3 9. bxc3 Ne4 10. Bxc6+ bxc6 11. c4 Qa5+ 0-1

[Event "FICGS W-ch st1 g01 email"]
[Site "FICGS email"]
[Date "2022.03.14"]
[Round "1"]
[White "Koudelka, Artur"]
[Black "Kehayov, Yulian"]
[Result "1-0"]
[WhiteElo "1927"]
[BlackElo "1624"]
[PlyCount "45"]
[EventDate "2022.??.??"]
[EventType "tourn (corr)"]
[EventRounds "6"]
[SourceTitle "Corr 2024"]
[Source "ChessBase"]
[SourceDate "2023.10.19"]
[SourceVersion "1"]
[SourceVersionDate "2023.10.19"]
[SourceQuality "1"]

1. c4 e5 2. Nc3 Nc6 3. Nf3 Nf6 4. g3 Bb4 5. Bg2 0-0 6. 0-0 Bxc3 7. bxc3 d6 8. d3 h6 9. Rb1 Rb8 10. Ne1 e4 11. Nc2 Re8 12. Ne3 b6 13. dxe4 Nxe4 14. Qc2 f5 15. Rb5 Qf6 16. g4 Ne7 17. Nxf5 Nc5 18. Ne3 Bb7 19. Bxb7 Rxb7 20. f3 c6 21. Rb2 Ng6 22. Qf5 Rf7 23. Qxf6 1-0

[Event "FICGS theme 0250 email"]
[Site "FICGS email"]
[Date "2022.01.11"]
[Round "1"]
[White "Brand Lyard, Paul"]
[Black "Kehayov, Yulian"]
[Result "0-1"]
[WhiteElo "1596"]
[BlackElo "1577"]
[PlyCount "50"]
[EventDate "2022.??.??"]
[EventType "swiss (corr)"]
[EventRounds "1"]
[SourceTitle "Corr 2024"]
[Source "ChessBase"]
[SourceDate "2023.10.19"]
[SourceVersion "1"]
[SourceVersionDate "2023.10.19"]
[SourceQuality "1"]

1. d4 d5 2. Nf3 Nf6 3. c4 e6 4. Nc3 c6 5. Qd3 dxc4 6. Qxc4 b5 7. Qd3 a6 8. g4 Nxg4 9. h3 Nf6 10. Bg5 c5 11. Bxf6 gxf6 12. Bg2 Rg8 13. Bf1 f5 14. dxc5 Qxd3 15. Rd1 Qc2 16. Rb1 Bxc5 17. Bg2 Rxg2 18. Rf1 b4 19. Rg1 Rxg1+ 20. Nxg1 bxc3 21. Rd1 cxb2 22. Nf3 Qxd1+ 23. Kxd1 b1Q+ 24. Kd2 Bb4+ 25. Ke3 Qe4# 0-1

[Event "FICGS theme 0250 email"]
[Site "FICGS email"]
[Date "2022.01.11"]
[Round "1"]
[White "Schangareev, Mirzian"]
[Black "Kehayov, Yulian"]
[Result "1-0"]
[WhiteElo "1938"]
[BlackElo "1577"]
[PlyCount "63"]
[EventDate "2022.??.??"]
[EventType "swiss (corr)"]
[EventRounds "1"]
[SourceTitle "Corr 2024"]
[Source "ChessBase"]
[SourceDate "2023.10.19"]
[SourceVersion "1"]
[SourceVersionDate "2023.10.19"]
[SourceQuality "1"]

1. d4 d5 2. Nf3 Nf6 3. c4 e6 4. Nc3 c6 5. Qd3 dxc4 6. Qxc4 b5 7. Qd3 a6 8. g4 Nxg4 9. Bg2 Nd7 10. Bf4 Bb7 11. Rd1 c5 12. d5 c4 13. Qc2 e5 14. Bg3 Bd6 15. Ne4 Bb4+ 16. Kf1 0-0 17. a3 f5 18. Neg5 Bd6 19. Ne6 Qe8 20. h3 Nh6 21. Nxf8 Qxf8 22. Rg1 f4 23. Ng5 Nf5 24. Be4 Nxg3+ 25. fxg3 fxg3+ 26. Bf3 g6 27. Rxg3 Nf6 28. Nxh7 Kxh7 29. Qxg6+ Kh8 30. Rg4 Nxg4 31. hxg4 Qg7 32. Qxd6 1-0

[Event "FICGS theme 0250 email"]
[Site "FICGS email"]
[Date "2022.01.11"]
[Round "1"]
[White "Talek, Jan"]
[Black "Kehayov, Yulian"]
[Result "1/2-1/2"]
[WhiteElo "2000"]
[BlackElo "1577"]
[PlyCount "45"]
[EventDate "2022.??.??"]
[EventType "swiss (corr)"]
[EventRounds "1"]
[SourceTitle "Corr 2024"]
[Source "ChessBase"]
[SourceDate "2023.10.19"]
[SourceVersion "1"]
[SourceVersionDate "2023.10.19"]
[SourceQuality "1"]

1. d4 d5 2. Nf3 Nf6 3. c4 e6 4. Nc3 c6 5. Qd3 dxc4 6. Qxc4 b5 7. Qd3 a6 8. g4 Nxg4 9. Rg1 Nf6 10. e4 Qc7 11. Bg5 c5 12. dxc5 Nc6 13. 0-0-0 Bxc5 14. Bxf6 gxf6 15. Kb1 Bb7 16. Qc2 Rd8 17. Nd5 exd5 18. Qxc5 dxe4 19. Be2 Qe7 20. Qb6 Rxd1+ 21. Rxd1 Nb4 22. Nh4 e3 23. Nf5 1/2-1/2

[Event "FICGS class D 000282 email"]
[Site "FICGS email"]
[Date "2022.01.09"]
[Round "1"]
[White "Kehayov, Yulian"]
[Black "Goletto, Piero Giuseppe"]
[Result "1-0"]
[WhiteElo "1577"]
[BlackElo "1556"]
[PlyCount "31"]
[EventDate "2022.??.??"]
[EventType "tourn (corr)"]
[EventRounds "6"]
[SourceTitle "Corr 2024"]
[Source "ChessBase"]
[SourceDate "2023.10.19"]
[SourceVersion "1"]
[SourceVersionDate "2023.10.19"]
[SourceQuality "1"]

1. e4 e5 2. Nf3 Nc6 3. Bc4 d5 4. Bxd5 Nce7 5. Bc4 Bg4 6. Bxf7+ Kxf7 7. Nxe5+ Ke8 8. Nxg4 h5 9. Ne3 Nc6 10. d3 Bb4+ 11. c3 Nf6 12. cxb4 Qe7 13. 0-0 Ng4 14. Nd5 Qd6 15. Bf4 g5 16. Bxd6 1-0

[Event "FICGS class D 000282 email"]
[Site "FICGS email"]
[Date "2022.01.09"]
[Round "1"]
[White "Pintor, Manuel"]
[Black "Kehayov, Yulian"]
[Result "0-1"]
[WhiteElo "1683"]
[BlackElo "1577"]
[PlyCount "46"]
[EventDate "2022.??.??"]
[EventType "tourn (corr)"]
[EventRounds "6"]
[SourceTitle "Corr 2024"]
[Source "ChessBase"]
[SourceDate "2023.10.19"]
[SourceVersion "1"]
[SourceVersionDate "2023.10.19"]
[SourceQuality "1"]

1. e4 e6 2. f4 d5 3. exd5 exd5 4. d4 Bd6 5. Nf3 Nf6 6. Be2 0-0 7. 0-0 c5 8. c3 Nc6 9. Ne5 Qb6 10. Kh1 cxd4 11. Nxc6 dxc3 12. Nxc3 bxc6 13. Na4 Qc7 14. Be3 Re8 15. Qd2 Qe7 16. Rf3 Bg4 17. Re1 Bxf3 18. gxf3 Qxe3 19. Qxe3 Rxe3 20. Nc3 d4 21. Nd1 Re7 22. Kg2 Rae8 23. Kf2 Bxf4 0-1

[Event "FICGS W-ch st1 g08 email"]
[Site "FICGS email"]
[Date "2021.08.15"]
[Round "1"]
[White "Kehayov, Yulian"]
[Black "Maceda, Coco"]
[Result "0-1"]
[WhiteElo "1322"]
[BlackElo "2177"]
[PlyCount "120"]
[EventDate "2021.??.??"]
[EventType "tourn (corr)"]
[EventRounds "6"]
[SourceTitle "Corr 2024"]
[Source "ChessBase"]
[SourceDate "2023.10.19"]
[SourceVersion "1"]
[SourceVersionDate "2023.10.19"]
[SourceQuality "1"]

1. e4 c5 2. Nf3 d6 3. Bb5+ Bd7 4. Bxd7+ Qxd7 5. d4 cxd4 6. Qxd4 Nc6 7. Qd3 g6 8. 0-0 Bg7 9. Rd1 Nf6 10. h3 b5 11. Nc3 Rb8 12. a3 Qb7 13. Qe2 0-0 14. Nd5 Nd7 15. Bg5 Rfe8 16. c3 h6 17. Bf4 a6 18. Re1 Rbc8 19. Rad1 Nce5 20. Nxe5 dxe5 21. Bg3 e6 22. Nb4 a5 23. Nd3 Qc7 24. Nc1 Rb8 25. Nb3 a4 26. Nd4 Nb6 27. Nxb5 Qc6 28. Na7 Qc4 29. Kh1 Rbd8 30. Rxd8 Rxd8 31. f3 Qxe2 32. Rxe2 Nc4 33. Nc6 Rd6 34. Nb4 h5 35. Kh2 Bh6 36. Bh4 Bf4+ 37. Bg3 Bc1 38. Rc2 Rd1 39. Nd3 Bh6 40. Nf2 Rb1 41. h4 Bd2 42. Bxe5 Ne3 43. Rxd2 Nf1+ 44. Kh3 Nxd2 45. Nd3 Nc4 46. Bf6 Rd1 47. Nc5 Nxb2 48. Kg3 Rd2 49. Kh3 Kf8 50. g4 hxg4+ 51. Kxg4 Nd3 52. Nxd3 Rxd3 53. Kg3 Rd1 54. Kf4 Rb1 55. Bd8 Ke8 56. Ba5 e5+ 57. Ke3 Kd7 58. Kf2 Rb3 59. Bb4 Rb2+ 60. Kg3 Ke6 0-1

[Event "FICGS class E 000239 email"]
[Site "FICGS email"]
[Date "2021.08.05"]
[Round "1"]
[White "Kehayov, Yulian"]
[Black "Goldmund, Heike"]
[Result "1-0"]
[WhiteElo "1322"]
[BlackElo "1377"]
[PlyCount "57"]
[EventDate "2021.??.??"]
[EventType "tourn (corr)"]
[EventRounds "5"]
[SourceTitle "Corr 2024"]
[Source "ChessBase"]
[SourceDate "2023.10.19"]
[SourceVersion "1"]
[SourceVersionDate "2023.10.19"]
[SourceQuality "1"]

1. d4 Nf6 2. Nf3 e6 3. c4 c5 4. d5 exd5 5. cxd5 b6 6. Nc3 Bb7 7. e4 d6 8. Be2 Nbd7 9. 0-0 Be7 10. h3 0-0 11. a4 Re8 12. Bf4 Qc7 13. Bg3 Bf8 14. Nd2 a6 15. Qc2 Ne5 16. f4 Ng6 17. Nc4 Rab8 18. Rad1 Ba8 19. e5 dxe5 20. fxe5 Nxe5 21. Qf5 Bd6 22. Nxd6 Qxd6 23. Bxa6 Re7 24. Nb5 Qd7 25. Bxe5 Bxd5 26. Qxd7 Nxd7 27. Bxb8 Nxb8 28. Rxd5 Nxa6 29. Rd8+ 1-0

[Event "FICGS rapid D 000139 email"]
[Site "FICGS email"]
[Date "2021.06.11"]
[Round "1"]
[White "Kehayov, Yulian"]
[Black "Joubert, Hennie"]
[Result "1-0"]
[WhiteElo "1313"]
[BlackElo "1413"]
[PlyCount "33"]
[EventDate "2021.??.??"]
[EventType "tourn (rapid)"]
[EventRounds "5"]
[SourceTitle "Corr 2022"]
[Source "ChessBase"]
[SourceDate "2021.10.24"]
[SourceVersion "1"]
[SourceVersionDate "2021.10.24"]
[SourceQuality "1"]

1. e4 c5 2. Nf3 e6 3. Bc4 Nc6 4. 0-0 d6 5. Re1 Nf6 6. Nc3 a6 7. d4 cxd4 8. Nxd4 Qc7 9. Nxc6 Qxc6 10. Be2 b5 11. e5 Nd5 12. Bf3 Bb7 13. Nxd5 exd5 14. exd6+ Kd8 15. Re5 Qxd6 16. Bf4 Qf6 17. Bxd5 1-0

[Event "FICGS theme 0002 email"]
[Site "FICGS email"]
[Date "2021.05.25"]
[Round "1"]
[White "Kehayov, Yulian"]
[Black "Ward, David"]
[Result "0-1"]
[WhiteElo "1313"]
[BlackElo "2001"]
[PlyCount "54"]
[EventDate "2021.??.??"]
[EventType "swiss (corr)"]
[EventRounds "1"]
[SourceTitle "Corr 2022"]
[Source "ChessBase"]
[SourceDate "2021.10.24"]
[SourceVersion "1"]
[SourceVersionDate "2021.10.24"]
[SourceQuality "1"]

1. d4 Nf6 2. c4 e6 3. Nf3 b6 4. a3 Bb7 5. Nc3 d5 6. cxd5 Nxd5 7. Nxd5 Qxd5 8. e3 c5 9. Be2 cxd4 10. Qxd4 Nd7 11. 0-0 Nf6 12. Qxd5 Nxd5 13. Nd4 Be7 14. Nb5 0-0 15. Bd2 Rfd8 16. Nc3 Nf4 17. exf4 Rxd2 18. Rab1 Bf6 19. g3 Bxc3 20. bxc3 Rxe2 21. c4 Rc8 22. Rfc1 Be4 23. Rc3 Bxb1 24. a4 Be4 25. Re3 Rxc4 26. Rxe2 Rc1+ 27. Re1 Rxe1# 0-1

[Event "FICGS class F 000231 email"]
[Site "FICGS email"]
[Date "2021.05.22"]
[Round "1"]
[White "Goldmund, Heike"]
[Black "Kehayov, Yulian"]
[Result "0-1"]
[WhiteElo "1267"]
[BlackElo "1313"]
[PlyCount "54"]
[EventDate "2021.??.??"]
[EventType "tourn (corr)"]
[EventRounds "5"]
[SourceTitle "Corr 2022"]
[Source "ChessBase"]
[SourceDate "2021.10.24"]
[SourceVersion "1"]
[SourceVersionDate "2021.10.24"]
[SourceQuality "1"]

1. d4 Nf6 2. Nf3 d5 3. Bf4 e6 4. e3 c5 5. c3 Nc6 6. Bb5 Bd6 7. Bxd6 Qxd6 8. Ne5 0-0 9. f4 Ne7 10. 0-0 Qb6 11. a4 c4 12. b3 a6 13. Bxc4 dxc4 14. Nd2 cxb3 15. Nxb3 Ned5 16. Qb1 Nxe3 17. Re1 Ned5 18. a5 Qc7 19. Qc1 Qxc3 20. Qxc3 Nxc3 21. Rac1 Nfd5 22. Nc5 Nb5 23. Red1 Nxf4 24. Rd2 Rd8 25. Nf3 Nxd4 26. Nxd4 Rxd4 27. Rxd4 Ne2+ 0-1

[Event "FICGS rapid E 000243 email"]
[Site "FICGS email"]
[Date "2021.03.31"]
[Round "1"]
[White "Usan, Kavi"]
[Black "Kehayov, Yulian"]
[Result "1-0"]
[WhiteElo "1164"]
[BlackElo "1365"]
[PlyCount "27"]
[EventDate "2021.??.??"]
[EventType "tourn (rapid)"]
[EventRounds "6"]
[SourceTitle "Corr 2022"]
[Source "ChessBase"]
[SourceDate "2021.10.24"]
[SourceVersion "1"]
[SourceVersionDate "2021.10.24"]
[SourceQuality "1"]

1. d4 Nf6 2. Nc3 e6 3. e4 d5 4. e5 Ne4 5. Bd3 Nxc3 6. bxc3 c5 7. dxc5 Bxc5 8. Nf3 0-0 9. Ng5 h6 10. Qh5 Be7 11. Nf3 Nc6 12. Bxh6 f6 13. Bxg7 Kxg7 14. Qh7# 1-0

[Event "FICGS theme 0002 email"]
[Site "FICGS email"]
[Date "2021.03.25"]
[Round "1"]
[White "Foster, Duncan"]
[Black "Kehayov, Yulian"]
[Result "1-0"]
[WhiteElo "1927"]
[BlackElo "1365"]
[PlyCount "103"]
[EventDate "2021.??.??"]
[EventType "swiss (corr)"]
[EventRounds "1"]
[SourceTitle "Corr 2022"]
[Source "ChessBase"]
[SourceDate "2021.10.24"]
[SourceVersion "1"]
[SourceVersionDate "2021.10.24"]
[SourceQuality "1"]

1. e4 e5 2. Bc4 Nf6 3. d4 exd4 4. Nf3 Nxe4 5. Qxd4 Nf6 6. 0-0 d5 7. Bb3 Be7 8. Bf4 0-0 9. Nc3 c6 10. Rae1 Re8 11. Ne2 Na6 12. Ng3 Bc5 13. Qd2 Nh5 14. Rxe8+ Qxe8 15. Nxh5 f6 16. Ng3 Bg4 17. Re1 Qd7 18. Nd4 Nc7 19. h3 Be6 20. Bxc7 Qxc7 21. Nxe6 Qd6 22. Nxc5 Qxc5 23. Nf5 g6 24. Nd4 Kf7 25. Qh6 Rh8 26. Ne6 Qf8 27. Qxf8+ Rxf8 28. Nxf8 Kxf8 29. c3 Kf7 30. Bc2 b6 31. Bd3 c5 32. c4 d4 33. a4 Kf8 34. Re6 Kg7 35. Re7+ Kf8 36. Rxh7 f5 37. Rxa7 Kg8 38. Rb7 Kf8 39. Rxb6 Kg7 40. a5 Kh6 41. Bxf5 Kg5 42. Bg4 Kh6 43. a6 d3 44. a7 d2 45. Bd1 Kg5 46. a8Q Kh6 47. Qh8+ Kg5 48. g3 Kf5 49. Qf6+ Ke4 50. Qf4+ Kd3 51. Qe3+ Kxc4 52. Bb3# 1-0

[Event "FICGS theme 0002 email"]
[Site "FICGS email"]
[Date "2021.03.25"]
[Round "1"]
[White "Kehayov, Yulian"]
[Black "Bertrand, Francis"]
[Result "0-1"]
[WhiteElo "1365"]
[BlackElo "1800"]
[PlyCount "44"]
[EventDate "2021.??.??"]
[EventType "swiss (corr)"]
[EventRounds "1"]
[SourceTitle "Corr 2022"]
[Source "ChessBase"]
[SourceDate "2021.10.24"]
[SourceVersion "1"]
[SourceVersionDate "2021.10.24"]
[SourceQuality "1"]

1. e4 e5 2. Bc4 Nf6 3. d4 exd4 4. Nf3 Bb4+ 5. Bd2 Bxd2+ 6. Qxd2 Nxe4 7. Qxd4 Nf6 8. 0-0 0-0 9. Nc3 Nc6 10. Qd1 d6 11. h3 Be6 12. Bxe6 fxe6 13. Re1 Qd7 14. Ne4 h6 15. Nxf6+ Rxf6 16. c3 Qf7 17. Nd4 Rxf2 18. Nxc6 bxc6 19. Qa4 Rf8 20. Qxc6 Qf5 21. Qxc7 Qd5 22. Qxa7 Qxg2# 0-1

[Event "FICGS theme 0002 email"]
[Site "FICGS email"]
[Date "2020.11.13"]
[Round "1"]
[White "Kehayov, Yulian"]
[Black "Ortiz, Jose"]
[Result "1-0"]
[WhiteElo "1309"]
[BlackElo "1730"]
[PlyCount "121"]
[EventDate "2020.??.??"]
[EventType "swiss (corr)"]
[EventRounds "1"]
[SourceTitle "Corr 2022"]
[Source "ChessBase"]
[SourceDate "2021.10.24"]
[SourceVersion "1"]
[SourceVersionDate "2021.10.24"]
[SourceQuality "1"]

1. c4 Nf6 2. Nc3 c5 3. g3 d5 4. cxd5 Nxd5 5. Bg2 Nc7 6. Nf3 Bf5 7. Ne5 f6 8. Nc4 e6 9. 0-0 a6 10. e4 Bg6 11. d3 b5 12. Ne3 Bd6 13. d4 Qe7 14. e5 fxe5 15. dxe5 Bxe5 16. Be4 Bxe4 17. Nxe4 Nc6 18. Rb1 Rd8 19. Qe2 Nd5 20. b3 Bd4 21. Nxd5 Rxd5 22. Bb2 0-0 23. Bxd4 Nxd4 24. Qb2 Nf3+ 25. Kh1 h5 26. Nd2 Rxd2 27. Qa1 Rf6 28. Rbd1 Rxd1 29. Qxd1 e5 30. Qd3 e4 31. Qe3 Kh7 32. Rc1 g5 33. Rxc5 Kg6 34. Kg2 g4 35. Kh1 Qd6 36. Rc1 b4 37. Kg2 Qe5 38. Kh1 Rd6 39. Kg2 Rd3 40. Qb6+ Kg5 41. Qxb4 h4 42. Qf8 Nxh2 43. Rc5 Qxc5 44. Qxc5+ Kg6 45. Qb6+ Kh5 46. Qc5+ Kg6 47. Qc6+ Kf5 48. Qc8+ Ke5 49. Qc5+ Rd5 50. Qxd5+ Kf6 51. Kxh2 hxg3+ 52. Kxg3 a5 53. Kxg4 e3 54. fxe3 Kg6 55. Qe5 Kf7 56. Qd6 Kg7 57. Qe6 Kf8 58. Qd7 Kg8 59. Kg5 Kf8 60. Kf6 Kg8 61. Qg7# 1-0

[Event "FICGS W-ch st1 g03 email"]
[Site "FICGS email"]
[Date "2020.11.05"]
[Round "1"]
[White "Csoma, Robert"]
[Black "Kehayov, Yulian"]
[Result "1/2-1/2"]
[WhiteElo "1648"]
[BlackElo "1309"]
[PlyCount "100"]
[EventDate "2020.??.??"]
[EventType "tourn (corr)"]
[EventRounds "8"]
[SourceTitle "Corr 2022"]
[Source "ChessBase"]
[SourceDate "2021.10.24"]
[SourceVersion "1"]
[SourceVersionDate "2021.10.24"]
[SourceQuality "1"]

1. f4 d5 2. Nf3 Nf6 3. e3 e6 4. Be2 Be7 5. 0-0 0-0 6. d3 Nc6 7. Nbd2 Bd6 8. b3 a6 9. Bb2 Be7 10. e4 dxe4 11. Nxe4 Nxe4 12. dxe4 Qxd1 13. Raxd1 Nb4 14. c3 Nc6 15. Nd4 Nxd4 16. cxd4 Bf6 17. e5 Be7 18. d5 exd5 19. Rxd5 Be6 20. Rdd1 Rad8 21. f5 Bc8 22. f6 gxf6 23. exf6 Bc5+ 24. Kh1 Rfe8 25. Bf3 Rxd1 26. Rxd1 c6 27. Rc1 Bb6 28. g3 Re3 29. Kg2 Bh3+ 30. Kxh3 Rxf3 31. Kg4 Rf2 32. Be5 Rxa2 33. h3 h6 34. Bf4 Kh7 35. Rd1 Kg6 36. Rd7 Rb2 37. Rxb7 Rxb3 38. Rd7 Be3 39. Rd6 Bxf4 40. Kxf4 Rc3 41. h4 h5 42. Ke5 a5 43. Rd8 Re3+ 44. Kf4 Re6 45. Rg8+ Kh7 46. Rg7+ Kh6 47. Rxf7 Kg6 48. Ra7 Rxf6+ 49. Ke4 a4 50. Rxa4 Kg7 1/2-1/2